Komplexes Problemlösen (Запис № 461694)
[ простий вигляд ]
| 000 -LEADER | |
|---|---|
| fixed length control field | 03879nam a22004095i 4500 |
| 001 - CONTROL NUMBER | |
| control field | 978-3-658-30826-1 |
| 003 - CONTROL NUMBER IDENTIFIER | |
| control field | DE-He213 |
| 005 - DATE AND TIME OF LATEST TRANSACTION | |
| control field | 20200904105451.0 |
| 007 - PHYSICAL DESCRIPTION FIXED FIELD--GENERAL INFORMATION | |
| fixed length control field | cr nn 008mamaa |
| 008 - FIXED-LENGTH DATA ELEMENTS--GENERAL INFORMATION | |
| fixed length control field | 200902s2020 gw | s |||| 0|ger d |
| 020 ## - INTERNATIONAL STANDARD BOOK NUMBER | |
| International Standard Book Number | 9783658308261 |
| -- | 978-3-658-30826-1 |
| 024 7# - OTHER STANDARD IDENTIFIER | |
| Standard number or code | 10.1007/978-3-658-30826-1 |
| Source of number or code | doi |
| 050 #4 - LIBRARY OF CONGRESS CALL NUMBER | |
| Classification number | HD30.2 |
| 072 #7 - SUBJECT CATEGORY CODE | |
| Subject category code | KJMV3 |
| Source | bicssc |
| 072 #7 - SUBJECT CATEGORY CODE | |
| Subject category code | BUS083000 |
| Source | bisacsh |
| 072 #7 - SUBJECT CATEGORY CODE | |
| Subject category code | KJMK |
| Source | thema |
| 082 04 - DEWEY DECIMAL CLASSIFICATION NUMBER | |
| Classification number | 658.4038 |
| Edition number | 23 |
| 100 1# - MAIN ENTRY--PERSONAL NAME | |
| Personal name | Kipman, Ulrike. |
| Relator term | author. |
| Relator code | aut |
| -- | http://id.loc.gov/vocabulary/relators/aut |
| 245 10 - TITLE STATEMENT | |
| Title | Komplexes Problemlösen |
| Medium | [electronic resource] : |
| Remainder of title | Begriff – Einflussgrößen – Korrelate – Erkenntnisse am Beispiel der PISA-Studie / |
| Statement of responsibility, etc | von Ulrike Kipman. |
| 250 ## - EDITION STATEMENT | |
| Edition statement | 1st ed. 2020. |
| 264 #1 - | |
| -- | Wiesbaden : |
| -- | Springer Fachmedien Wiesbaden : |
| -- | Imprint: Springer Gabler, |
| -- | 2020. |
| 300 ## - PHYSICAL DESCRIPTION | |
| Extent | XI, 163 S. 66 Abb., 62 Abb. in Farbe. |
| Other physical details | online resource. |
| 336 ## - | |
| -- | text |
| -- | txt |
| -- | rdacontent |
| 337 ## - | |
| -- | computer |
| -- | c |
| -- | rdamedia |
| 338 ## - | |
| -- | online resource |
| -- | cr |
| -- | rdacarrier |
| 347 ## - | |
| -- | text file |
| -- | |
| -- | rda |
| 505 0# - FORMATTED CONTENTS NOTE | |
| Formatted contents note | Problemlösen bei PISA -- Der PISA-Kontextfragebogen -- Allgemeine Ergebnisse zum komplexen Problemlösen bei PISA: Ausprägung der Problemlösefähigkeit im Ländervergleich - Geschlechtsunterschiede beim Lösen komplexer Probleme - intranationale Unterschiede -- Überprüfung möglicher Einflussfaktoren und Korrelate in Bezug auf das komplexe Problemlösen im Ländervergleich (Österreich, Deutschland sowie das beste und schwächste OECD-Land) -- Modelle zur Analyse von möglichen Handlungsoptionen zur Verbesserung der Leistung im komplexen Problemlösen. . |
| 520 ## - SUMMARY, ETC. | |
| Summary, etc | Problemlösekompetenz ist ein wichtiges Bildungsziel, bei dem es vor allem darum geht, sich mit neuen Gegebenheiten auseinanderzusetzen, sich an veränderte Bedingungen anzupassen und auf neue Herausforderungen flexibel reagieren zu können. Dies ist eine in Zeiten der Automatisierung und künstlichen Intelligenzen immer bedeutsamere Fähigkeit. Auch die Schule kann dabei einen maßgeblichen Beitrag leisten. Dieses Buch analysiert am Beispiel der PISA-Studie sehr anschaulich die Stellhebel zur Kompetenzentwicklung. Kaum eine Studie erhebt so viele Kontextvariablen, die mit dieser Fähigkeit in Verbindung gebracht werden können, um daraus erfolgreiche Strategien und Methoden für den Unterricht und die Förderung von Kindern und Jugendlichen abzuleiten. Der Inhalt Problemlösen bei PISA Der PISA-Kontextfragebogen Allgemeine Ergebnisse zum komplexen Problemlösen bei PISA: Ausprägung der Problemlösefähigkeit im Ländervergleich - Geschlechtsunterschiede beim Lösen komplexer Probleme - intranationale Unterschiede Überprüfung möglicher Einflussfaktoren und Korrelate in Bezug auf das komplexe Problemlösen im Ländervergleich (Österreich, Deutschland sowie das beste und schwächste OECD-Land) Modelle zur Analyse von möglichen Handlungsoptionen zur Verbesserung der Leistung im komplexen Problemlösen Die Autorin Prof. DDDr. Ulrike Kipman ist Professorin für Bildungsforschung an der Pädagogischen Hochschule Salzburg. Sie lehrt außerdem an der Universität Salzburg und der Fachhochschule Salzburg in den Bereichen Pädagogik, Psychologie und Mathematik und unterrichtet an diversen Akademien und Instituten. Ihre Forschungsschwerpunkte liegen vor allem im Bereich Problemlösen, Entscheidungsstrategien und Kombinatorik. . |
| 650 #0 - SUBJECT ADDED ENTRY--TOPICAL TERM | |
| Topical term or geographic name as entry element | Knowledge management. |
| 650 14 - SUBJECT ADDED ENTRY--TOPICAL TERM | |
| Topical term or geographic name as entry element | Knowledge Management. |
| -- | https://scigraph.springernature.com/ontologies/product-market-codes/515030 |
| 710 2# - ADDED ENTRY--CORPORATE NAME | |
| Corporate name or jurisdiction name as entry element | SpringerLink (Online service) |
| 773 0# - HOST ITEM ENTRY | |
| Title | Springer Nature eBook |
| 776 08 - ADDITIONAL PHYSICAL FORM ENTRY | |
| Display text | Printed edition: |
| International Standard Book Number | 9783658308254 |
| 856 40 - ELECTRONIC LOCATION AND ACCESS | |
| Uniform Resource Identifier | <a href="https://doi.org/10.1007/978-3-658-30826-1">https://doi.org/10.1007/978-3-658-30826-1</a> |
| 912 ## - | |
| -- | ZDB-2-SWI |
Немає доступних примірників.